000 00782nam a22002297a 4500
999 _c8645
_d8645
003 AR-CdUCM
008 190325b ||||| |||| 00| 0 spa d
040 _aMUNICIPALIDAD PROVINCIAL DEL CUSCO
_cBIBLIOTECA MUNICIPAL DEL CUSCO
082 _a086 /
_bE13
100 _aEca de Queiroz, José María
_924174
245 _aObras Inmortales :
_bEl Crimen del Padre Amaro /
260 _aMadrid :
_bE.D.A.F.,
_c1960
300 _a1381 páginas ;
_c17 cm
440 _aObras Inmortales
_924087
505 _aContenido: El crimen del padre Amaro -- El primo Basilio -- La Reliquia -- Los Maias -- El Mandarin
650 _aNovela
_95
650 _aLiteratura
_9416
650 _aClásicos
_98885
700 _aD. Ramon del Valle Inclan
_924175
942 _2ddc
_cLIBROS
945 _admma